Представление документа в формате RUSMARC

ПолеНазваниеЗначение
  Тип записи a
  Библиографический уровень a
001 Контрольный номер RU/CBS_UL/BASE/b3ca33b3667e4236b5654607eeafd1a8
005 Дата корректировки 20260304100145.9
100 Данные общей обработки __
a Данные общей обработки 20260304 ||| 0rusy0189 ca
101 Язык документа 0_
a Язык текста rus
102 Страна публикации __
a Страна публикации RU
200 Заглавие и сведения об ответственности 1_
a Заглавие Ищите женщину
e Сведения, относящиеся к заглавию [как в Ульяновске в разные года отмечали 8 Марта]
f Первые сведения об ответственности Н. Акулова
300 Общие примечания __
a Общие примечания 16+
461 Уровень набора _0
1 2000
a Народная газета
463 Уровень физической единицы _0
1 2000
a № 9 (4 март.)
v С. 7
1 2101
d 2026
1 001RU/CBS_UL/BASE/9acc6f9082c54bd4aa6c47a8a422116b
606 Тематические рубрики 0_
a Основная рубрика Праздники - Международный женский день - Ульяновск, город
610 Ключевые слова 0_
a Ключевые слова праздники; 8 Марта (праздники); международный женский день; история празднования 8 Марта; женский день (8 марта); женские праздники
686 Индексы других классификаций __
a Классификационный индекс 63.3(2Рос235.54)
700 Автор _1
a Фамилия Акулова
b Имя (инициалы) Н.
801 Источник записи _0
a Страна RU
b Организация МБУК ЦБС г. Ульяновска
c Дата составления 20260304
g Правила каталогизации RCR
801 Источник записи _1
a Страна RU
b Организация МБУК ЦБС г. Ульяновска
c Дата составления 20260304
g Правила каталогизации RCR
901 Тип документа __
t Тип документа f
w Контрольный № источника RU/CBS_UL/BASE/9acc6f9082c54bd4aa6c47a8a422116b
909 Создатель записи __
a Создатель записи mbo